Textbook of basic nursing / (Record no. 406)

MARC details
000 -LEADER
fixed length control field 00790cam a2200205 a 4500
020 ## - INTERNATIONAL STANDARD BOOK NUMBER
ISBN 9781605477725 (alk. paper)
050 00 - CALL NUMBER
Classification number RT62
Item number .R71
100 1# - AUTHOR
Personal name Rosdahl, Caroline Bunker.
245 10 - TITLE
Title Textbook of basic nursing /
Statement of responsibility, etc Caroline Bunker Rosdahl, Mary T. Kowalski.
250 ## - EDITION
Edition statement 10th ed.
260 ## - PUBLICATION INFORMATION
Place of publication Philadelphia :
Name of publisher Wolters Kluwer Health/Lippincott Williams & Wilkins,
Year of publication c2012.
300 ## - DESCRIPTION
Number of Pages xxxiii, 1875 p. :
Other physical details ill. (chiefly col.) ;
Dimensions 29 cm.
505 ## - FORMATTED CONTENTS NOTE
Table of Content Part A Foundations of nursing <br/>Part B. Nursing care skills<br/>Part C Nursing throughout the life cycle<br/>Part D. Your career
650 12 - SUBJECTS
Topical Term Nursing, Practical
General subdivision methods.
650 22 - SUBJECTS
Topical Term Community Health Nursing
General subdivision methods.
650 22 - SUBJECTS
Topical Term Nursing Care
General subdivision methods.
700 1# - OTHER AUTHORS
Personal name Kowalski, Mary T.
942 ## - ADDED ENTRY ELEMENTS (KOHA)
Koha item type Books
Holdings
Withdrawn status Lost status Home library Current library Shelving location Date acquired Full call number Accession Number Koha item type
    Methodist University Library Wenchi Nursing Methodist University Library Wenchi Nursing General Stacks 21/10/2017 RT62 .R71 2679 Books
    Methodist University Library Wenchi Nursing Methodist University Library Wenchi Nursing General Stacks 01/12/2025 RT62 .R71 9200 Books
Copyright © 2026  MUG Library